<?xml version="1.0" encoding="UTF-8"?>
<record
    xmlns:xsi="http://www.w3.org/2001/XMLSchema-instance"
    xsi:schemaLocation="http://www.loc.gov/MARC21/slim http://www.loc.gov/standards/marcxml/schema/MARC21slim.xsd"
    xmlns="http://www.loc.gov/MARC21/slim">

  <leader>01205nab a2200241uuc4500</leader>
  <controlfield tag="001">1219554</controlfield>
  <controlfield tag="005">20240808090457.0</controlfield>
  <controlfield tag="008">101008e20101008                    spa  </controlfield>
  <datafield tag="035" ind1=" " ind2=" ">
    <subfield code="a">1219554</subfield>
  </datafield>
  <datafield tag="035" ind1=" " ind2=" ">
    <subfield code="a">(OCoLC)820563854</subfield>
  </datafield>
  <datafield tag="040" ind1=" " ind2=" ">
    <subfield code="c">comduadb</subfield>
  </datafield>
  <datafield tag="041" ind1=" " ind2=" ">
    <subfield code="a">spa</subfield>
  </datafield>
  <datafield tag="100" ind1="1" ind2="0">
    <subfield code="a">Nieto Betancurt, Lucy</subfield>
    <subfield code="4">aut</subfield>
    <subfield code="e">aut</subfield>
    <subfield code="9">598945</subfield>
  </datafield>
  <datafield tag="245" ind1="1" ind2="0">
    <subfield code="a">Revision del concepto de adherencia al tratamiento y los factores asociados a esta, como objeto de la psicologia de la salud</subfield>
  </datafield>
  <datafield tag="260" ind1=" " ind2=" ">
    <subfield code="c">2009.</subfield>
  </datafield>
  <datafield tag="520" ind1="3" ind2=" ">
    <subfield code="a">Se presenta una revision sobre las conceptualizaciones de la adherencia al tratamiento y su importancia en el campo de la psicologia de la salud, con el fin de mostrar algunas de las dificultades en el consenso de los diferentes autores que comprenden el concepto y la propuesta conceptual desarrollada por ellos como producto de la investigacion.</subfield>
  </datafield>
  <datafield tag="650" ind1=" " ind2="7">
    <subfield code="a">Psicolog&#xED;a de la salud</subfield>
    <subfield code="2">embne</subfield>
    <subfield code="9">15129</subfield>
  </datafield>
  <datafield tag="650" ind1=" " ind2=" ">
    <subfield code="a">Atenci&#xF3;n de la salud</subfield>
    <subfield code="9">50574</subfield>
  </datafield>
  <datafield tag="650" ind1=" " ind2=" ">
    <subfield code="a">Adherencia</subfield>
    <subfield code="9">10404</subfield>
  </datafield>
  <datafield tag="700" ind1="1" ind2="0">
    <subfield code="a">Pelayo Pedraza, Raul</subfield>
    <subfield code="4">aut</subfield>
    <subfield code="e">aut</subfield>
    <subfield code="9">595482</subfield>
  </datafield>
  <datafield tag="773" ind1="0" ind2=" ">
    <subfield code="t">P&#xE1;ginas : Revista Acad&#xE9;mica e Institucional de la U.C.P. (Pereira)</subfield>
    <subfield code="g">N&#xFA;mero 085, Diciembre 2009, p. 61-76</subfield>
    <subfield code="w">711905</subfield>
    <subfield code="x">0121-1633</subfield>
    <subfield code="0">227339</subfield>
  </datafield>
  <datafield tag="942" ind1=" " ind2=" ">
    <subfield code="c">ARIMP</subfield>
  </datafield>
  <datafield tag="999" ind1=" " ind2=" ">
    <subfield code="c">564266</subfield>
    <subfield code="d">564266</subfield>
  </datafield>
</record>
